[Event "Sachsen-Anhalt-ch Seniors 18th"]
[Site "Osterburg"]
[Date "2010.06.06"]
[Round "1"]
[White "Brandt, Joachim"]
[Black "Meier, Wolfgang"]
[Result "0-1"]
[WhiteElo "1945"]
[BlackElo "2183"]
[PlyCount "42"]
[EventDate "2010.06.06"]
[EventType "swiss"]
[EventRounds "7"]
[EventCountry "GER"]
[SourceTitle "EXT 2013"]
[Source "ChessBase"]
[SourceDate "2012.11.22"]
[SourceVersion "1"]
[SourceVersionDate "2012.11.22"]
[SourceQuality "1"]

1. e4 c5 2. Nf3 d6 3. d4 cxd4 4. Nxd4 Nf6 5. Nc3 a6 6. Be2 e5 7. Nf3 Be7 8. h3 b5 9. Be3 Bb7 10. Nd2 Nbd7 11. a3 0-0 12. Bf3 Qc7 13. 0-0 Rac8 14. Rc1 Nb6 15. Be2 d5 16. Bxb6 Qxb6 17. exd5 Nxd5 18. Nxd5 Bxd5 19. Bf3 Be6 20. Ra1 Rfd8 21. c3 Bg5 0-1

[Event "Bad Bevensen Seniors op 12th"]
[Site "Bad Bevensen"]
[Date "2009.07.14"]
[Round "8"]
[White "Thielemann, Joachim"]
[Black "Brandt, Joachim"]
[Result "1-0"]
[WhiteElo "1848"]
[BlackElo "1752"]
[PlyCount "59"]
[EventDate "2009.07.07"]
[EventType "swiss"]
[EventRounds "9"]
[EventCountry "GER"]
[SourceTitle "EXT 2022"]
[Source "ChessBase"]
[SourceDate "2021.10.06"]
[SourceVersion "1"]
[SourceVersionDate "2021.10.06"]
[SourceQuality "1"]

1. e4 e6 2. c3 c5 3. d3 Nc6 4. f4 Nf6 5. Nf3 d5 6. e5 Nd7 7. Be2 Be7 8. Be3 f6 9. exf6 Nxf6 10. 0-0 0-0 11. g3 Qc7 12. Nbd2 Bd7 13. Rc1 Ng4 14. Bf2 Rf6 15. d4 Raf8 16. Nb3 c4 17. Nbd2 Bd6 18. h3 Nxf2 19. Rxf2 e5 20. fxe5 Nxe5 21. dxe5 Bxe5 22. Rg2 Bxh3 23. Nf1 Bxg2 24. Qxd5+ Kh8 25. Kxg2 Bxg3 26. Nxg3 Qf4 27. Qg5 Qc7 28. Rd1 Rg6 29. Qh4 Rb6 30. Rd2 1-0

[Event "GER-ch Seniors-B 20th"]
[Site "Erfurt"]
[Date "2008.08.07"]
[Round "3"]
[White "Brandt, Joachim"]
[Black "Koellmer, Hans Peter"]
[Result "1-0"]
[WhiteElo "1706"]
[BlackElo "1433"]
[PlyCount "51"]
[EventDate "2008.08.05"]
[EventType "swiss"]
[EventRounds "9"]
[EventCountry "GER"]
[SourceTitle "CBM 126 Extra"]
[Source "ChessBase"]
[SourceDate "2008.11.05"]
[SourceVersion "1"]
[SourceVersionDate "2008.11.05"]
[SourceQuality "1"]

1. e4 c5 2. Nf3 e6 3. d4 cxd4 4. Nxd4 Nf6 5. Nc3 d6 6. Be3 a6 7. a4 Be7 8. Be2 Qc7 9. a5 Nbd7 10. f4 Nc5 11. Bf3 Bd7 12. Qd2 Bc6 13. Nxc6 bxc6 14. b4 Ncd7 15. 0-0 e5 16. f5 0-0 17. g4 Kh8 18. g5 Ne8 19. Qg2 Rg8 20. Bg4 f6 21. g6 h6 22. Rf3 Qb7 23. Rh3 Bf8 24. Qd2 Qxb4 25. Bxh6 Qd4+ 26. Be3# 1-0

[Event "Politiken Cup 29th"]
[Site "Copenhagen"]
[Date "2007.07.29"]
[Round "10"]
[White "Brandt, Joachim"]
[Black "Eiholt, Bjarne"]
[Result "1-0"]
[WhiteElo "1923"]
[BlackElo "1647"]
[PlyCount "107"]
[EventDate "2007.07.21"]
[EventType "swiss"]
[EventRounds "10"]
[EventCountry "DEN"]
[SourceTitle "CBM 119 Extra"]
[Source "ChessBase"]
[SourceDate "2007.09.04"]
[SourceVersion "1"]
[SourceVersionDate "2007.09.04"]
[SourceQuality "1"]

1. d4 d5 2. c4 e6 3. Nf3 Nf6 4. Nc3 c6 5. e3 Be7 6. Bd3 dxc4 7. Bxc4 b5 8. Bb3 0-0 9. 0-0 a6 10. Ne5 Bb7 11. Ne2 Qb6 12. Bd2 Rd8 13. f4 c5 14. Qe1 Nc6 15. Rd1 Ne4 16. f5 f6 17. Bxe6+ Kf8 18. Nd7+ Rxd7 19. Bxd7 Rd8 20. Bxc6 Qxc6 21. Nf4 Rd6 22. Qe2 Ng5 23. a3 cxd4 24. h4 Ne4 25. Ne6+ Rxe6 26. fxe6 Ng3 27. Qf3 Nxf1 28. Qxf1 dxe3 29. Bxe3 Qxe6 30. Qf2 Qe4 31. Rd2 Qc6 32. Rc2 Qd7 33. Rd2 Qc7 34. Rc2 Qd7 35. Rc1 Qd5 36. Bc5 Bxc5 37. Qxc5+ Qxc5+ 38. Rxc5 Be4 39. Rc7 a5 40. g3 a4 41. Kf2 h5 42. Ke3 Bd5 43. Rc5 Bc4 44. Rxh5 Kf7 45. Rc5 Bf1 46. Kf4 g6 47. Rc7+ Kf8 48. g4 Be2 49. g5 fxg5+ 50. hxg5 Ke8 51. Ke5 Kd8 52. Rc6 Bh5 53. Rc5 Be2 54. Kf6 1-0

[Event "Sachsen-Anhalt-ch Seniors 14th"]
[Site "Osterburg"]
[Date "2006.06.10"]
[Round "1"]
[White "Benne, Horst"]
[Black "Brandt, Joachim"]
[Result "1-0"]
[WhiteElo "1944"]
[BlackElo "1647"]
[PlyCount "103"]
[EventDate "2006.06.10"]
[EventType "swiss"]
[EventRounds "7"]
[EventCountry "GER"]
[SourceTitle "EXT 2007"]
[Source "ChessBase"]
[SourceDate "2006.11.23"]
[SourceVersion "1"]
[SourceVersionDate "2006.11.23"]
[SourceQuality "1"]

1. d4 e6 2. Nf3 f5 3. g3 Nf6 4. Bg2 d5 5. 0-0 Be7 6. Bg5 0-0 7. Nbd2 c6 8. c3 Nbd7 9. a4 Qe8 10. a5 Qh5 11. Nb3 Bd6 12. Bxf6 Rxf6 13. Qd2 Rh6 14. Qg5 Qe8 15. Nc1 Nf6 16. Nd3 Ne4 17. Qe3 Qh5 18. h4 Bd7 19. Nf4 Qe8 20. Nd2 Nf6 21. Nh3 Qe7 22. c4 Ng4 23. Qd3 Rf8 24. c5 Bb8 25. f4 Be8 26. Nf3 Bh5 27. a6 b6 28. cxb6 axb6 29. Nhg5 Rhf6 30. Ne5 Nxe5 31. fxe5 Rg6 32. Nh3 Ba7 33. Nf4 Rh6 34. Bf3 Be8 35. Kg2 b5 36. e3 g5 37. hxg5 Qxg5 38. Rh1 Rxh1 39. Rxh1 Qe7 40. Rh6 Bd7 41. Nh5 c5 42. Nf6+ Rxf6 43. Rxf6 c4 44. Qd2 Be8 45. Qe2 Bg6 46. Bh5 Kg7 47. g4 b4 48. gxf5 exf5 49. Bxg6 hxg6 50. Kf3 Qe8 51. Qg2 Kh7 52. e6 1-0

[Event "GER North-ch Seniors 5th"]
[Site "Bad Bevensen"]
[Date "2002.06.22"]
[Round "1"]
[White "Zunker, Reinhard"]
[Black "Brandt, Joachim"]
[Result "1-0"]
[WhiteElo "2226"]
[BlackElo "1735"]
[PlyCount "63"]
[EventDate "2002.06.??"]
[EventType "swiss"]
[EventRounds "9"]
[EventCountry "GER"]
[SourceTitle "EXT 2006"]
[Source "ChessBase"]
[SourceDate "2005.11.24"]
[SourceVersion "1"]
[SourceVersionDate "2005.11.24"]
[SourceQuality "1"]

1. e4 e6 2. d4 d5 3. Nc3 Nf6 4. Bg5 Be7 5. e5 Nfd7 6. h4 a6 7. Qg4 Kf8 8. Nf3 c5 9. dxc5 Nc6 10. Qg3 Nxc5 11. 0-0-0 Qa5 12. Nd4 Qc7 13. f4 h6 14. Nxc6 bxc6 15. Bxe7+ Qxe7 16. h5 Bd7 17. Rd4 Rg8 18. Qe3 f5 19. g4 Nb7 20. gxf5 c5 21. Rd1 d4 22. Qf3 Rb8 23. Nb1 Na5 24. Rg1 exf5 25. Qa3 Nc6 26. Bc4 a5 27. Bxg8 Kxg8 28. Rg6 Nd8 29. Rdg1 Ne6 30. Qxa5 Be8 31. Rxe6 Qxe6 32. Qc7 1-0

[Event "Brandenburg Seniors op 08th"]
[Site "Uckley"]
[Date "1999.09.23"]
[Round "5"]
[White "Brandt, Joachim"]
[Black "Jahr, Dieter"]
[Result "0-1"]
[WhiteElo "1724"]
[BlackElo "2048"]
[PlyCount "78"]
[EventDate "1999.09.??"]
[EventType "swiss"]
[EventRounds "7"]
[EventCountry "GER"]
[SourceTitle "EXT 2006"]
[Source "ChessBase"]
[SourceDate "2005.11.24"]
[SourceVersion "1"]
[SourceVersionDate "2005.11.24"]
[SourceQuality "1"]

1. e4 c5 2. Nf3 d6 3. d4 cxd4 4. Nxd4 g6 5. Be3 Bg7 6. Nc3 Nf6 7. f3 a6 8. Bc4 Nbd7 9. Qd2 b5 10. Bb3 Bb7 11. 0-0-0 Nc5 12. Bh6 Nxb3+ 13. Nxb3 0-0 14. h4 b4 15. Ne2 a5 16. Bxg7 Kxg7 17. h5 Ng8 18. hxg6 fxg6 19. Nbd4 Qd7 20. Ng3 e5 21. Rxh7+ Kxh7 22. Rh1+ Kg7 23. Ndf5+ Rxf5 24. exf5 Kf8 25. fxg6 Qe6 26. Qd3 Ba6 27. g7+ Ke8 28. Qh7 Kd7 29. Ne4 Kc6 30. Rd1 Rd8 31. Kb1 d5 32. Ng5 Qf6 33. Qh4 Qh6 34. Qg4 Bc8 35. Qg3 Qxg7 36. Rh1 Bf5 37. Qh4 Rd6 38. Qg3 Rg6 39. Rh7 Qxh7 0-1

[Event "Brandenburg Seniors op 08th"]
[Site "Uckley"]
[Date "1999.09.21"]
[Round "2"]
[White "Ollek, Karl Heinz"]
[Black "Brandt, Joachim"]
[Result "0-1"]
[WhiteElo "1631"]
[BlackElo "1724"]
[PlyCount "68"]
[EventDate "1999.09.??"]
[EventType "swiss"]
[EventRounds "7"]
[EventCountry "GER"]
[SourceTitle "EXT 2006"]
[Source "ChessBase"]
[SourceDate "2005.11.24"]
[SourceVersion "1"]
[SourceVersionDate "2005.11.24"]
[SourceQuality "1"]

1. f4 e5 2. fxe5 d6 3. exd6 Bxd6 4. Nf3 Bg4 5. g3 Nc6 6. d4 Qe7 7. Bg2 0-0-0 8. 0-0 Bxf3 9. Rxf3 Nxd4 10. Rf2 Bc5 11. e3 Ne6 12. Qf3 c6 13. Nc3 Nf6 14. Na4 Bd6 15. Bd2 h5 16. h4 Qc7 17. b4 Bxg3 18. Re2 Bxh4 19. b5 Ng4 20. bxc6 Qh2+ 21. Kf1 Qe5 22. cxb7+ Kb8 23. Bc3 Nh2+ 24. Kg1 Nxf3+ 25. Bxf3 Qg3+ 26. Bg2 Rhe8 27. Rf1 Bf6 28. Be1 Qg4 29. Rf3 Qxa4 30. Bg3+ Nc7 31. Rf5 Rd1+ 32. Kh2 Qg4 33. Bxc7+ Kxc7 34. Rc5+ Kb8 0-1